[Event "BL 8687 Sindelfingen-Enger"]
[Site "?"]
[Date "1986.??.??"]
[Round "?.5"]
[White "Eising, J."]
[Black "Bauer, P."]
[Result "0-1"]
[WhiteElo "2355"]
[BlackElo "2310"]
[PlyCount "78"]
[EventDate "1986.??.??"]

1. c4 Nf6 2. Nf3 e6 3. g3 b6 4. Bg2 Bb7 5. O-O Be7 6. Nc3 O-O 7. d4 Ne4 8. Qc2
Nxc3 9. Qxc3 f5 10. b3 Bf6 11. Bb2 d6 12. Rad1 Qe7 13. Ne1 Bxg2 14. Nxg2 Nd7
15. Rfe1 Qf7 16. Qf3 Rfe8 17. Qc6 Nf8 18. e4 fxe4 19. Rxe4 Qd7 20. Qxd7 Nxd7
21. Rde1 Kf7 22. Nf4 Nf8 23. R4e2 g5 24. Ng2 Ng6 25. f3 Rad8 26. Ne3 h5 27. Kf1
Ne7 28. d5 e5 29. b4 Kg6 30. Rd1 Rf8 31. Kg2 Bg7 32. Rd3 Rf7 33. Nd1 Rdf8 34.
Nf2 Nc8 35. Bc3 Ne7 36. a4 a6 37. Ra2 Rb8 38. Rc2 Bh6 39. Bd2 Ng8 0-1

[Event "BL 8687 Sindelfingen-Enger"]
[Site "?"]
[Date "1986.??.??"]
[Round "?.6"]
[White "Runau, R."]
[Black "Groenegress, W."]
[Result "1-0"]
[WhiteElo "2285"]
[BlackElo "2215"]
[PlyCount "81"]
[EventDate "1986.??.??"]

1. d4 d5 2. Nf3 c6 3. c4 e6 4. e3 f5 5. Nc3 Nf6 6. h3 Bd6 7. Bd3 Ne4 8. g4 Qf6
9. gxf5 Nxc3 10. bxc3 dxc4 11. Bxc4 exf5 12. Rg1 Nd7 13. Ng5 g6 14. e4 Qe7 15.
Qe2 Nb6 16. Bf7+ Kf8 17. Bb3 Kg7 18. Nf7 Be6 19. Nxh8 Kxh8 20. e5 Bc7 21. Bg5
Qf7 22. Rb1 Bd8 23. Qd2 Nc4 24. Bxc4 Bxc4 25. Bxd8 Rxd8 26. Qg5 Rd7 27. a3 Bd3
28. Rd1 Be4 29. Rg3 b5 30. Re3 Bd5 31. Qf4 Be6 32. Qg5 Bd5 33. f4 Be4 34. h4 h5
35. Rg3 Kh7 36. Rd2 Re7 37. Re2 Re8 38. Rge3 Bd5 39. Qf6 Bb3 40. Qd6 Qg8 41.
Rg3 {.../53/} 1-0

[Event "BL 8687 Kreuzberg-Lasker"]
[Site "?"]
[Date "1987.??.??"]
[Round "?.1"]
[White "Wockenfuss, K."]
[Black "King, D."]
[Result "0-1"]
[WhiteElo "2350"]
[BlackElo "2460"]
[PlyCount "94"]
[EventDate "1987.??.??"]

1. g3 d5 2. Bg2 Nf6 3. d3 c6 4. Nf3 Bg4 5. h3 Bh5 6. O-O Nbd7 7. c4 dxc4 8.
dxc4 e5 9. Nc3 Bc5 10. Qc2 Bg6 11. e4 O-O 12. Rd1 Qc7 13. a3 a5 14. Nh4 Rfd8
15. Nf5 Bxf5 16. exf5 Bd4 17. Ne2 Nc5 18. Nxd4 exd4 19. Bf4 Qb6 20. Bf1 Nfe4
21. Qe2 Nf6 22. Qc2 a4 23. Be5 Nb3 24. Rab1 Nd7 25. Bf4 Ndc5 26. f6 g6 27. Re1
Ne6 28. Be5 Nbc5 29. Qd2 Rd7 30. h4 Qd8 31. Rbd1 Qf8 32. Bh3 Rdd8 33. Qb4 h5
34. Kg2 Kh7 35. Bxe6 Nxe6 36. Qxb7 Rdc8 37. Qb4 c5 38. Qd2 Rd8 39. Qe2 Qe8 40.
Kg1 Ra6 41. Qe4 Rd7 42. Qf3 Rb6 43. Rd2 Qc8 44. Bf4 Rdb7 45. Ree2 Qd7 46. b4
cxb4 47. axb4 Rxb4 {ZÜ} 0-1

[Event "BL 8687 Kreuzberg-Lasker"]
[Site "?"]
[Date "1987.??.??"]
[Round "?.2"]
[White "Lehmann, K."]
[Black "Berg, K."]
[Result "0-1"]
[WhiteElo "2270"]
[BlackElo "2355"]
[PlyCount "130"]
[EventDate "1987.??.??"]

1. e4 c5 2. c3 d5 3. exd5 Qxd5 4. d4 Nf6 5. Nf3 Nc6 6. Be3 cxd4 7. cxd4 e6 8.
Nc3 Qd6 9. a3 Be7 10. Bd3 O-O 11. O-O Rd8 12. Bc2 b6 13. Qd3 Bb7 14. Rad1 g6
15. Bb1 a6 16. Ba2 b5 17. Qe2 b4 18. Na4 bxa3 19. Nc5 Qc7 20. bxa3 Bxc5 21.
dxc5 Ng4 22. Rfe1 Ne7 23. Bd4 Nf5 24. Ba1 Bxf3 25. Qxf3 Qxh2+ 26. Kf1 Qh4 27.
Kg1 Qh2+ 28. Kf1 Qh1+ 29. Ke2 Qh5 30. Rd7 Rac8 31. Red1 Rxd7 32. Rxd7 Rf8 33.
c6 Qg5 34. c7 Nh2 35. Qe4 Qc1 36. Rd8 Qf1+ 37. Kd2 Qxf2+ 38. Kc3 Qc5+ 39. Kb3
Qxc7 40. Rxf8+ Kxf8 41. Qa8+ Ke7 42. Bc3 Nd6 43. Kb2 Qb7+ 44. Qxb7+ Nxb7 45.
Bc4 Ng4 46. Bxa6 Nd6 47. Bd3 Ne3 48. Kb3 Nxg2 49. a4 Nf4 50. Bf1 Nd5 51. Bd4
Kd7 52. a5 h5 53. Be5 Nc8 54. Bb5+ Kd8 55. Bc6 Nce7 56. Bb7 Kd7 57. a6 Nc6 58.
Bh2 g5 59. Kc4 h4 60. Kc5 Ndb4 61. a7 Nd3+ 62. Kc4 Nb2+ 63. Kc5 Nxa7 64. Bb8
Na4+ 65. Kc4 Nc6 0-1

[Event "BL 8687 Kreuzberg-Lasker"]
[Site "?"]
[Date "1987.??.??"]
[Round "?.3"]
[White "Muse, M."]
[Black "Grzesik, F."]
[Result "1/2-1/2"]
[WhiteElo "2425"]
[BlackElo "2250"]
[PlyCount "53"]
[EventDate "1987.??.??"]

1. d4 d5 2. c4 e6 3. Nf3 Nf6 4. Nc3 Be7 5. Bg5 h6 6. Bxf6 Bxf6 7. e3 O-O 8. Rc1
c6 9. Bd3 Nd7 10. O-O dxc4 11. Bxc4 e5 12. h3 exd4 13. exd4 Nb6 14. Bb3 Re8 15.
Re1 Rxe1+ 16. Qxe1 Bf5 17. Ne4 Bxe4 18. Qxe4 Nd5 19. Bxd5 cxd5 20. Qf5 Qb6 21.
Qxd5 Rd8 22. Qe4 Qxb2 23. Rc7 Bxd4 24. Nxd4 Qxd4 25. Qxb7 Qa1+ 26. Kh2 Qxa2 27.
Qxa7 1/2-1/2

[Event "BL 8687 Kreuzberg-Lasker"]
[Site "?"]
[Date "1987.??.??"]
[Round "?.4"]
[White "Grzesik, T."]
[Black "Cladouras, P."]
[Result "0-1"]
[WhiteElo "2335"]
[BlackElo "2325"]
[PlyCount "94"]
[EventDate "1987.??.??"]

1. e4 c5 2. Nf3 d6 3. d3 g6 4. g3 Bg7 5. Bg2 Nc6 6. O-O e6 7. c3 Nge7 8. Be3
O-O 9. d4 b6 10. Qd2 e5 11. dxc5 dxc5 12. Qe2 h6 13. Na3 Be6 14. Rfd1 Qb8 15.
Nc4 Rd8 16. Rxd8+ Qxd8 17. a4 Qc7 18. Nfd2 Rd8 19. f4 Kh7 20. Rf1 exf4 21. Bxf4
Qd7 22. Re1 g5 23. Bd6 Ng6 24. Rf1 Nce5 25. Nxe5 Bxe5 26. Bxe5 Nxe5 27. Nf3 Bc4
28. Nxe5 Bxe2 29. Nxd7 Bxf1 30. Kxf1 Rxd7 31. Ke2 Kg7 32. Bh3 Re7 33. Kd3 Kf6
34. Bf5 Re8 35. Ke3 Ke5 36. Bg4 Rd8 37. Be2 f6 38. Bd3 h5 39. Be2 g4 40. Bd3
Rh8 41. Be2 f5 42. exf5 Kxf5 43. Bd3+ Kg5 44. Bc4 h4 45. Bf1 hxg3 46. hxg3 Rh2
47. b3 Rb2 0-1

[Event "BL 8687 Kreuzberg-Lasker"]
[Site "?"]
[Date "1987.??.??"]
[Round "?.5"]
[White "Paulsen, D."]
[Black "Konieczka, F."]
[Result "1-0"]
[WhiteElo "2345"]
[BlackElo "2240"]
[PlyCount "63"]
[EventDate "1987.??.??"]

1. d4 d5 2. c4 e6 3. Nc3 Be7 4. Nf3 Nf6 5. Bg5 O-O 6. e3 h6 7. Bxf6 Bxf6 8. Rc1
c6 9. Bd3 dxc4 10. Bxc4 Nd7 11. O-O e5 12. h3 exd4 13. exd4 Nb6 14. Bb3 Bf5 15.
Qd2 Qd6 16. Rfe1 Rad8 17. Rcd1 Rfe8 18. g4 Bg6 19. h4 Nd5 20. g5 Qd7 21. Bxd5
cxd5 22. Qf4 hxg5 23. hxg5 Be7 24. Kg2 Bd6 25. Qh4 Qf5 26. Rh1 f6 27. gxf6 gxf6
28. Nxd5 Qxd5 29. Qxf6 Bh5 30. Rxh5 Qxh5 31. Rh1 Be5 32. Nxe5 1-0

[Event "BL 8687 Koblenz-Heidelberg"]
[Site "?"]
[Date "1987.??.??"]
[Round "?.1"]
[White "Steinbacher, M."]
[Black "Gutman, L."]
[Result "0-1"]
[WhiteElo "2280"]
[BlackElo "2460"]
[PlyCount "94"]
[EventDate "1987.??.??"]

1. b3 Nf6 2. Bb2 g6 3. e4 Bg7 4. g3 O-O 5. Bg2 c6 6. e5 Nd5 7. Nf3 d6 8. O-O
Bg4 9. d4 dxe5 10. dxe5 a5 11. Qe2 a4 12. Rd1 Qb6 13. Na3 Nc7 14. Qe4 Bxf3 15.
Bxf3 Ne6 16. Bg4 c5 17. h4 Nc6 18. Rd5 Qb4 19. Qc4 axb3 20. axb3 Qxc4 21. Nxc4
Rxa1+ 22. Bxa1 Ra8 23. Bb2 Ncd8 24. Na3 Kf8 25. Be2 Nc6 26. f4 Ncd4 27. Bd3 f6
28. Nc4 fxe5 29. Nxe5 Bxe5 30. fxe5 b6 31. b4 Nf3+ 32. Kf2 Ra2 33. Kxf3 Rxb2
34. bxc5 bxc5 35. Ke4 Rb4+ 36. Ke3 Rg4 37. Kf3 h5 38. Rd7 Kf7 39. c3 g5 40. Bf5
Rc4 41. hxg5 Nxg5+ 42. Ke3 Rxc3+ 43. Kf4 Ne6+ 44. Bxe6+ Kxe6 45. Rd8 Rc4+ 46.
Kg5 Rg4+ 47. Kxh5 Rxg3 0-1

[Event "BL 8687 Koblenz-Heidelberg"]
[Site "?"]
[Date "1987.??.??"]
[Round "?.3"]
[White "Mack, P."]
[Black "Andruet, G."]
[Result "0-1"]
[WhiteElo "2280"]
[BlackElo "2365"]
[PlyCount "68"]
[EventDate "1987.??.??"]

1. d4 Nf6 2. Nf3 e6 3. g3 b6 4. Bg2 Bb7 5. O-O Be7 6. c4 O-O 7. Nc3 Ne4 8. Qc2
Nxc3 9. Qxc3 d6 10. b3 f5 11. Bb2 Bf6 12. Ne1 Bxg2 13. Nxg2 Nc6 14. Qd3 Qd7 15.
Rad1 a5 16. e4 Nb4 17. Qb1 fxe4 18. Qxe4 Nxa2 19. Nf4 Rae8 20. Rfe1 Re7 21. Nh5
Nb4 22. Qg4 Qe8 23. Re4 Qg6 24. Qe2 Rfe8 25. Re1 Qf7 26. Nf4 e5 27. Nh5 Nc6 28.
d5 Nb8 29. f4 Nd7 30. g4 g6 31. Nxf6+ Qxf6 32. Rf1 Qh4 33. fxe5 Nxe5 34. Kg2
Nxg4 0-1

[Event "BL 8687 Koblenz-Heidelberg"]
[Site "?"]
[Date "1987.??.??"]
[Round "?.4"]
[White "Schlick, V."]
[Black "Nonnenmacher, E."]
[Result "0-1"]
[WhiteElo "2285"]
[BlackElo "2305"]
[PlyCount "106"]
[EventDate "1987.??.??"]

1. c4 e5 2. g3 Nc6 3. Bg2 d6 4. Nc3 Be6 5. Nd5 g6 6. e3 Bg7 7. Ne2 Qd7 8. Qa4
Nh6 9. d4 O-O 10. dxe5 dxe5 11. Bd2 Kh8 12. h4 f5 13. h5 g5 14. O-O-O Qf7 15.
f4 gxf4 16. gxf4 e4 17. Bc3 Bxc3 18. Nexc3 Nb8 19. c5 Nc6 20. Bf1 Rad8 21. Bc4
Rd7 22. b4 Nd8 23. b5 c6 24. b6 a5 25. Nc7 Rxd1+ 26. Qxd1 Bxc4 27. Qd4+ Kg8 28.
Nxe4 Bxa2 29. Rg1+ Ng4 30. h6 Qc4+ 31. Qxc4+ Bxc4 32. Nd6 Bb3 33. e4 Kh8 34.
Nxf5 Nf2 35. Kb2 a4 36. Nd6 Rxf4 37. Rg7 Nd3+ 38. Kc3 Nxc5 39. Re7 Kg8 40. Kd4
Nxe4 41. Ke5 Nxd6 42. Rg7+ Kf8 43. Kxf4 a3 44. Rg1 a2 45. Ke5 Nc4+ 46. Kd4 Nxb6
47. Kc3 Nf7 48. Kb2 Na4+ 49. Ka1 Nc5 50. Rg7 Bc4 51. Na8 Ne6 52. Rg2 Nd4 53.
Nb6 Bb3 0-1

[Event "BL 8687 Koblenz-Heidelberg"]
[Site "?"]
[Date "1987.??.??"]
[Round "?.6"]
[White "Doncevic, D."]
[Black "Zuse, P."]
[Result "1-0"]
[WhiteElo "2355"]
[BlackElo "2335"]
[PlyCount "125"]
[EventDate "1987.??.??"]

1. e4 g6 2. d4 Bg7 3. Nc3 d6 4. Nf3 a6 5. Be2 b5 6. O-O Bb7 7. Re1 e6 8. a3 Ne7
9. Bf4 Nd7 10. Qd2 O-O 11. Rad1 Nc6 12. Bh6 e5 13. Bxg7 Kxg7 14. dxe5 Ncxe5 15.
Nxe5 Nxe5 16. f4 Nc6 17. Nd5 f6 18. c4 bxc4 19. Rc1 Ne7 20. Rxc4 c6 21. Ne3 d5
22. exd5 cxd5 23. Rb4 Rb8 24. Bf3 Re8 25. Rd1 a5 26. Rb5 Qc7 27. Bxd5 Red8 28.
Qc3 Qxc3 29. bxc3 Bxd5 30. Rxb8 Rxb8 31. Nxd5 Nxd5 32. Rxd5 Rb3 33. Rxa5 Rxc3
34. Ra7+ Kh6 35. Kf2 Rc2+ 36. Kf3 Ra2 37. h3 Ra1 38. g4 Ra2 39. h4 g5 40. hxg5+
fxg5 41. Ra6+ Kg7 42. fxg5 Ra1 43. Ke4 Ra2 44. Kf5 Rf2+ 45. Ke5 Re2+ 46. Kf5
Rf2+ 47. Ke4 Re2+ 48. Kf3 Ra2 49. Kf4 Rf2+ 50. Ke3 Ra2 51. Kf4 Rf2+ 52. Ke3 Ra2
53. Ke4 Re2+ 54. Kf4 Rf2+ 55. Ke3 Ra2 56. a4 Rg2 57. Kf3 Ra2 58. Ra5 Kg6 59.
Ke3 Rg2 60. Rb5 Rxg4 61. a5 Rh4 62. Kd3 Kf7 63. Re5 1-0

[Event "BL 8687 Koblenz-Heidelberg"]
[Site "?"]
[Date "1987.??.??"]
[Round "?.7"]
[White "Krieger, H."]
[Black "Bayer, E."]
[Result "0-1"]
[WhiteElo "2210"]
[BlackElo "2310"]
[PlyCount "76"]
[EventDate "1987.??.??"]

1. e4 c5 2. Nf3 d6 3. d4 cxd4 4. Nxd4 Nf6 5. Nc3 a6 6. f4 Qc7 7. Bd3 Bg4 8. Nf3
Nc6 9. h3 Bxf3 10. Qxf3 Nb4 11. O-O e6 12. Be3 Be7 13. a3 Nc6 14. Rad1 O-O 15.
Rd2 Rad8 16. Be2 b5 17. g4 Nd7 18. g5 Rfe8 19. Qg3 Bf8 20. Bd3 Nc5 21. f5 Ne5
22. fxe6 fxe6 23. h4 g6 24. h5 Bg7 25. hxg6 Nxg6 26. Rdf2 Rf8 27. Qh3 Rxf2 28.
Rxf2 Rf8 29. Nd1 Rxf2 30. Nxf2 Qe7 31. b4 Nxd3 32. cxd3 Ne5 33. Kg2 Qf7 34. Qg3
Qh5 35. Qf4 Qe2 36. d4 Nc4 37. Bc1 Bxd4 38. g6 hxg6 0-1

[Event "BL 8687 Bayern-München 36"]
[Site "?"]
[Date "1987.??.??"]
[Round "?.1"]
[White "Unzicker, W."]
[Black "Ribli, Z."]
[Result "0-1"]
[WhiteElo "2470"]
[BlackElo "2585"]
[PlyCount "91"]
[EventDate "1987.??.??"]

1. e4 c5 2. Nf3 d6 3. d4 cxd4 4. Nxd4 Nf6 5. Nc3 a6 6. Be2 e6 7. O-O Be7 8. f4
O-O 9. Be3 Qc7 10. Bf3 Nc6 11. Kh1 Re8 12. a4 Rb8 13. Qe1 e5 14. Nb3 exf4 15.
Bxf4 Be6 16. Rd1 Ne5 17. Be2 Rbc8 18. Nd4 Bf8 19. Bg5 Nfd7 20. Bc1 Qc5 21. Qg3
Kh8 22. Nf5 g6 23. Ne3 Bg7 24. Ned5 Bxd5 25. Rxd5 Qb6 26. Rfd1 Rc6 27. R5d4 Nf6
28. Qf4 Rec8 29. b3 Kg8 30. Qd2 Bf8 31. Qf4 Be7 32. Qf1 Bd8 33. Qf4 Qc7 34. Qf1
Qd7 35. Bf4 Qe6 36. Bxe5 Qxe5 37. Bf3 Be7 38. Nd5 Rxc2 39. Rc4 Bf8 40. Rxc8
Rxc8 41. Nxf6+ Qxf6 42. Bg4 Qxf1+ 43. Rxf1 Rd8 44. Rd1 Rb8 45. Be2 Be7 46. Bc4
{.../68/} 0-1

[Event "BL 8687 Bayern-München 36"]
[Site "?"]
[Date "1987.??.??"]
[Round "?.2"]
[White "Kindermann, S."]
[Black "Smejkal, J."]
[Result "1/2-1/2"]
[WhiteElo "2485"]
[BlackElo "2540"]
[PlyCount "101"]
[EventDate "1987.??.??"]

1. e4 e5 2. Nf3 Nc6 3. Bb5 a6 4. Ba4 Nf6 5. O-O Be7 6. Re1 b5 7. Bb3 d6 8. c3
O-O 9. h3 Bb7 10. d4 Re8 11. Nbd2 Bf8 12. Bc2 Nb8 13. a4 Nbd7 14. Bd3 c6 15.
Nf1 d5 16. Nxe5 dxe4 17. Nxd7 Qxd7 18. Bc2 h6 19. Ng3 c5 20. dxc5 Qxd1 21. Rxd1
Bxc5 22. Be3 Rac8 23. axb5 axb5 24. Nf5 Bxe3 25. fxe3 Re5 26. Nd6 Rb8 27. Rd4
Bd5 28. Ra5 Rb6 29. Nc8 Rb8 30. Na7 Re7 31. Nxb5 Bc6 32. c4 Re5 33. b4 Bxb5 34.
Rxb5 Rexb5 35. cxb5 Rxb5 36. Bxe4 Nxe4 37. Rxe4 Rb8 38. Kf2 Rc8 39. Kf3 Rc2 40.
b5 Rb2 41. Re8+ Kh7 42. Rb8 Kg6 43. g3 Rb4 44. e4 Kf6 45. b6 Rb3+ 46. Kf2 Ke5
47. Re8+ Kf6 48. Rb8 Ke5 49. Re8+ Kf6 50. Rb8 Ke5 51. Re8+ 1/2-1/2

[Event "BL 8687 Bayern-München 36"]
[Site "?"]
[Date "1987.??.??"]
[Round "?.3"]
[White "Nikolac, J."]
[Black "Bischoff, K."]
[Result "1/2-1/2"]
[WhiteElo "2435"]
[BlackElo "2495"]
[PlyCount "89"]
[EventDate "1987.??.??"]

1. b3 e5 2. Bb2 d6 3. e3 Nf6 4. c4 g6 5. Nf3 Bg7 6. d4 exd4 7. Nxd4 O-O 8. Be2
Re8 9. Nc3 Nbd7 10. O-O Ne5 11. Qd2 d5 12. cxd5 Nxd5 13. Rad1 Nxc3 14. Qxc3 Bd7
15. h3 Qc8 16. Rc1 Nc6 17. Qc5 Nxd4 18. Bxd4 Bxd4 19. Qxd4 c6 20. Rfd1 Be6 21.
Qf6 Qc7 22. e4 Qe7 23. Qxe7 Rxe7 24. f4 Rae8 25. Bf3 f6 26. Kf2 Kf8 27. h4 Rd7
28. Rxd7 Bxd7 29. b4 Ke7 30. g4 h6 31. Rc5 b6 32. Rc3 Rc8 33. e5 fxe5 34. Re3
Kd6 35. Rxe5 Re8 36. Rxe8 Bxe8 37. Ke3 Bd7 38. Be4 Bxg4 39. Bxg6 Ke7 40. Kd4
Kf6 41. Be4 Bd7 42. a3 Be8 43. Bd3 Bd7 44. Be4 Be8 45. Bd3 1/2-1/2

[Event "BL 8687 Bayern-München 36"]
[Site "?"]
[Date "1987.??.??"]
[Round "?.4"]
[White "Hecht, H."]
[Black "Bastian, H."]
[Result "1-0"]
[WhiteElo "2455"]
[BlackElo "2375"]
[PlyCount "59"]
[EventDate "1987.??.??"]

1. e4 g6 2. d4 Bg7 3. Nc3 d6 4. Be3 Nc6 5. Bb5 Bd7 6. Nf3 Nf6 7. h3 a6 8. Bxc6
Bxc6 9. d5 Bd7 10. e5 dxe5 11. Nxe5 O-O 12. Qf3 Be8 13. O-O-O Nd7 14. Nxd7 Bxd7
15. Rhe1 Re8 16. Ne4 h6 17. Bd4 Bxd4 18. Rxd4 Bf5 19. Qe3 Bxe4 20. Qxh6 Qxd5
21. Rxd5 Bxd5 22. Qg5 e6 23. h4 Rac8 24. h5 Kg7 25. h6+ Kh7 26. c4 Bc6 27. Qf6
Rg8 28. Qxf7+ Kxh6 29. Qf6 Bxg2 30. Rg1 1-0

[Event "BL 8687 Bayern-München 36"]
[Site "?"]
[Date "1987.??.??"]
[Round "?.5"]
[White "Zysk, R."]
[Black "Hertneck, G."]
[Result "0-1"]
[WhiteElo "2405"]
[BlackElo "2440"]
[PlyCount "68"]
[EventDate "1987.??.??"]

1. d4 Nf6 2. c4 c5 3. d5 b5 4. Bg5 Ne4 5. Bf4 Qa5+ 6. Nd2 g5 7. Be3 bxc4 8. Qc2
Nd6 9. Bxg5 Bg7 10. e4 Na6 11. a3 Nb4 12. Qc1 Nd3+ 13. Bxd3 cxd3 14. Ngf3 Nxe4
15. b4 cxb4 16. Nxe4 b3+ 17. Qd2 Qxd5 18. O-O h6 19. Bh4 d6 20. Rae1 Be6 21.
Re3 Rc8 22. Qxd3 Qxd3 23. Rxd3 Bc4 24. Re3 Bxf1 25. Nxd6+ Kd7 26. Nxc8 Rxc8 27.
Rxe7+ Kd6 28. Kxf1 b2 29. Nd2 Rc2 30. Nb1 Be5 31. Rb7 Rc1+ 32. Ke2 Rxb1 33. Bg3
Kc6 34. Rb3 Bg7 0-1

[Event "BL 8687 Bayern-München 36"]
[Site "?"]
[Date "1987.??.??"]
[Round "?.6"]
[White "Hickl, J."]
[Black "Kaiser, W."]
[Result "1/2-1/2"]
[WhiteElo "2430"]
[BlackElo "2335"]
[PlyCount "55"]
[EventDate "1987.??.??"]

1. g3 g6 2. Bg2 Bg7 3. e4 c5 4. Ne2 Nc6 5. O-O e6 6. c4 Nge7 7. Nbc3 d6 8. Rb1
O-O 9. a3 a6 10. b4 cxb4 11. axb4 b5 12. cxb5 axb5 13. d3 Qb6 14. Be3 Qa6 15.
d4 Rd8 16. Qb3 e5 17. Rfd1 exd4 18. Nxd4 Nxd4 19. Bxd4 Be6 20. Nd5 Nxd5 21.
exd5 Bg4 22. Bxg7 Kxg7 23. Qb2+ Kg8 24. Rdc1 Qa3 25. Qd4 Bf5 26. Ra1 Qb3 27.
Bf1 Ra4 28. Bxb5 1/2-1/2

[Event "BL 8687 Bayern-München 36"]
[Site "?"]
[Date "1987.??.??"]
[Round "?.7"]
[White "Pichler, J."]
[Black "Klundt, K."]
[Result "0-1"]
[WhiteElo "2325"]
[BlackElo "2375"]
[PlyCount "100"]
[EventDate "1987.??.??"]

1. e4 c5 2. Nf3 d6 3. d4 cxd4 4. Nxd4 Nf6 5. Nc3 a6 6. f4 e5 7. Nf3 Nbd7 8. Bd3
Be7 9. O-O O-O 10. a4 exf4 11. Kh1 Ne5 12. Bxf4 Qc7 13. Bg5 Be6 14. Nd4 Nfg4
15. Qd2 Bxg5 16. Qxg5 Qc5 17. h3 Nf2+ 18. Rxf2 Nxd3 19. Qe3 Nxf2+ 20. Qxf2 b5
21. Qd2 b4 22. Nd1 Rae8 23. Nf2 Re7 24. Rd1 Rc8 25. Qe3 Bd7 26. Nd3 Qh5 27. Re1
Rce8 28. Qf4 Qg6 29. e5 b3 30. Nxb3 Bc6 31. Qf2 dxe5 32. Nbc5 e4 33. Nf4 Qf5
34. Qe3 a5 35. g4 Qe5 36. c3 Rd8 37. Kg1 g6 38. Nb3 g5 39. Nh5 Rd3 40. Qf2 e3
41. Qf6 e2 42. Qxe5 Rxe5 43. Nd4 Bxa4 44. Kf2 Rxh3 45. Nf3 Rb5 46. b4 axb4 47.
Ra1 Rxh5 48. gxh5 Bd1 49. h6 f6 50. cxb4 Rf5 0-1

[Event "BL 8687 Bayern-München 36"]
[Site "?"]
[Date "1987.??.??"]
[Round "?.8"]
[White "Schubert, C."]
[Black "Krause, C."]
[Result "1-0"]
[WhiteElo "2255"]
[BlackElo "2245"]
[PlyCount "75"]
[EventDate "1987.??.??"]

1. e4 d6 2. d4 Nf6 3. Nc3 g6 4. g3 Bg7 5. Bg2 O-O 6. Nge2 c6 7. O-O e5 8. a4 a5
9. h3 Qe7 10. Be3 Nbd7 11. Qd2 Re8 12. Rae1 Qf8 13. Kh2 h6 14. Nc1 Kh7 15. Nb3
b6 16. d5 c5 17. Nb5 Ba6 18. Qd3 Rec8 19. Nd2 Ne8 20. Nc4 Bxb5 21. axb5 Nc7 22.
h4 Rcb8 23. Bh3 Qe7 24. f4 f6 25. h5 gxh5 26. Qe2 Rb7 27. Qxh5 Nf8 28. fxe5 Ne8
29. e6 f5 30. Bxf5+ Kg8 31. Bxh6 Bxh6 32. Qxh6 Qg7 33. Qxg7+ Kxg7 34. e5 dxe5
35. d6 Nf6 36. Nxe5 N8h7 37. e7 Rh8 38. Kg2 1-0

[Event "BL 8687 Solingen-Bochum"]
[Site "?"]
[Date "1987.??.??"]
[Round "?.3"]
[White "Sonntag, H."]
[Black "Spassky, B."]
[Result "1/2-1/2"]
[WhiteElo "2295"]
[BlackElo "2620"]
[PlyCount "95"]
[EventDate "1987.??.??"]

1. e4 e5 2. Nf3 Nc6 3. Bb5 a6 4. Ba4 Nf6 5. O-O Be7 6. Re1 b5 7. Bb3 d6 8. c3
O-O 9. h3 Nb8 10. d4 Nbd7 11. Nbd2 Bb7 12. Bc2 Re8 13. Nf1 Bf8 14. Ng3 g6 15.
a4 c5 16. d5 c4 17. Bg5 h6 18. Be3 Nc5 19. Nh2 h5 20. Nf3 Nh7 21. Nd2 Rb8 22.
Qe2 Bc8 23. axb5 axb5 24. Ra7 Re7 25. Ra3 Reb7 26. f4 exf4 27. Bxf4 Bg7 28. Ra2
Nd7 29. Kh1 Ne5 30. Nf3 Bd7 31. Nxe5 Bxe5 32. Bxe5 dxe5 33. Qf2 Qf6 34. Qe3 Qg5
35. Qxg5 Nxg5 36. Nf1 Nh7 37. Ra6 Rb6 38. Rea1 Nf6 39. Ne3 Kf8 40. Rxb6 Rxb6
41. Ra7 Ke7 42. Kg1 Kd8 43. Kf2 h4 44. Kf3 Nh5 45. Ng4 f6 46. Ne3 Nf4 47. Bb1
Ke7 48. Bc2 1/2-1/2

[Event "BL 8687 Solingen-Bochum"]
[Site "?"]
[Date "1987.??.??"]
[Round "?.4"]
[White "Ostermeyer, P."]
[Black "Beckemeyer, W."]
[Result "1-0"]
[WhiteElo "2455"]
[BlackElo "2315"]
[PlyCount "89"]
[EventDate "1987.??.??"]

1. e4 e5 2. Nf3 Nc6 3. d4 exd4 4. Nxd4 Nf6 5. Nc3 Bb4 6. Nxc6 bxc6 7. Bd3 d5 8.
exd5 cxd5 9. O-O O-O 10. Bg5 Be6 11. Qf3 Be7 12. h3 c6 13. Ne2 h6 14. Bf4 Qb6
15. b3 c5 16. c3 Rfe8 17. Rfe1 a5 18. Rab1 Qd8 19. Ng3 Bd6 20. Re2 Bxf4 21.
Qxf4 Qb8 22. Qf3 Qd6 23. Rbe1 Bd7 24. Nf5 Bxf5 25. Qxf5 Rxe2 26. Rxe2 g6 27.
Qf3 Ra7 28. g3 Kg7 29. Qe3 h5 30. Bc2 Rd7 31. Qe5 d4 32. cxd4 cxd4 33. Bd3 Qb4
34. Kg2 Qb7+ 35. Be4 Qb4 36. Bd3 Rd5 37. Qe7 Rd7 38. Qe5 Qc3 39. Bc4 Qc1 40.
Re4 Qa3 41. Rxd4 Rxd4 42. Qxd4 Qxa2 43. Qa7 Kh6 44. Qxf7 Qb2 45. Bd3 1-0

[Event "BL 8687 Solingen-Bochum"]
[Site "?"]
[Date "1987.??.??"]
[Round "?.5"]
[White "Backwinkel, P."]
[Black "Brunner, L."]
[Result "1/2-1/2"]
[WhiteElo "2345"]
[BlackElo "2395"]
[PlyCount "57"]
[EventDate "1987.??.??"]

1. d4 Nf6 2. Nf3 g6 3. Nc3 d5 4. Bf4 Bg7 5. e3 O-O 6. Be2 c5 7. Ne5 Nc6 8. Nxc6
bxc6 9. O-O Nd7 10. Qd2 Qa5 11. a3 cxd4 12. exd4 Ba6 13. b4 Qb6 14. Na4 Qb7 15.
Rfe1 Rfe8 16. c3 Bxe2 17. Rxe2 a5 18. Nc5 Qa7 19. Rae1 Nb6 20. Bh6 Nc4 21. Qc1
axb4 22. Bxg7 Kxg7 23. axb4 Qa3 24. Qc2 e6 25. h4 Qa7 26. Qd3 Qc7 27. Qf3 Ra3
28. h5 Qe7 29. Qg3 1/2-1/2

[Event "BL 8687 Solingen-Bochum"]
[Site "?"]
[Date "1987.??.??"]
[Round "?.6"]
[White "Dueball, J."]
[Black "Wiemer, R."]
[Result "1-0"]
[WhiteElo "2445"]
[BlackElo "2325"]
[PlyCount "97"]
[EventDate "1987.??.??"]

1. e4 c5 2. Nf3 d6 3. d4 cxd4 4. Nxd4 Nf6 5. Nc3 Nc6 6. Bg5 e6 7. Qd2 Be7 8.
O-O-O O-O 9. f4 Nxd4 10. Qxd4 Qa5 11. Bc4 Bd7 12. e5 dxe5 13. fxe5 Bc6 14. Bd2
Nd7 15. Nd5 Qd8 16. Nxe7+ Qxe7 17. Rhe1 Nb6 18. Bf1 Rfc8 19. Kb1 Bd5 20. b3 Nd7
21. Bb4 Qd8 22. c4 Bc6 23. Re3 a5 24. Bd6 a4 25. b4 b5 26. cxb5 Bd5 27. Rg3 Qb6
28. Qxb6 Nxb6 29. Bc5 Nd7 30. Bd4 Bc4 31. Rc3 Bxf1 32. Rxf1 Rxc3 33. Bxc3 Kf8
34. Rd1 Ke8 35. Rd6 Rb8 36. Ra6 Rxb5 37. Rxa4 Nxe5 38. Ra8+ Kd7 39. a4 Rd5 40.
Kc2 g6 41. Kb3 Nc6 42. b5 Nd8 43. Kb4 Nb7 44. a5 Nd6 45. Ra7+ Kc8 46. b6 e5 47.
Rc7+ Kb8 48. Rd7 e4 49. Rxd6 1-0

[Event "BL 8687 Solingen-Bochum"]
[Site "?"]
[Date "1987.??.??"]
[Round "?.7"]
[White "Roeder, M."]
[Black "Schneider, B1."]
[Result "1/2-1/2"]
[WhiteElo "2280"]
[BlackElo "2350"]
[PlyCount "92"]
[EventDate "1987.??.??"]

1. d4 g6 2. e4 Bg7 3. c4 d6 4. Nc3 e5 5. dxe5 dxe5 6. Qxd8+ Kxd8 7. Bg5+ f6 8.
Rd1+ Nd7 9. Be3 Bh6 10. Bc5 c6 11. g3 Ke8 12. Bd6 Bf8 13. Bh3 Bxd6 14. Rxd6 Ke7
15. Rd2 Nc5 16. Bxc8 Rxc8 17. Ke2 a5 18. Nf3 Nh6 19. Rhd1 Nf7 20. Ke3 Rhd8 21.
b3 Nd6 22. Ne1 a4 23. Nd3 axb3 24. Nxc5 Nxc4+ 25. Ke2 Rxd2+ 26. Rxd2 Nxd2 27.
Kxd2 bxa2 28. Nxa2 b6 29. Nd3 Kd6 30. Nc3 Ra8 31. Kc2 Ra1 32. Nc1 b5 33. N3a2
f5 34. f3 fxe4 35. fxe4 b4 36. Kb2 Rxa2+ 37. Nxa2 Kc5 38. Kb3 Kd4 39. Nxb4 c5
40. Nd5 Kxe4 41. Kc4 Kf3 42. Kxc5 Kg2 43. g4 h5 44. g5 Kxh2 45. Ne7 Kg3 46.
Nxg6 Kg4 1/2-1/2

[Event "BL 8687 Enger-Porz"]
[Site "?"]
[Date "1987.??.??"]
[Round "?.1"]
[White "Hort, V."]
[Black "Gruen, G."]
[Result "1-0"]
[WhiteElo "2545"]
[BlackElo "2410"]
[PlyCount "93"]
[EventDate "1987.??.??"]

1. c4 e5 2. Nc3 Nf6 3. g3 Bb4 4. Bg2 O-O 5. e4 d6 6. Nge2 Bg4 7. O-O Bxc3 8.
bxc3 Qc8 9. f4 Bh3 10. d3 Na6 11. Ba3 Re8 12. Qd2 Bxg2 13. Kxg2 Qd7 14. Ng1 Qa4
15. Qb2 Rab8 16. Qb3 Qc6 17. Qb5 Nd7 18. Nf3 f6 19. Rad1 Nac5 20. Nh4 Qxb5 21.
cxb5 a6 22. fxe5 dxe5 23. bxa6 Nxa6 24. Nf5 Ra8 25. Rf2 Nac5 26. Bc1 Na4 27.
Rc2 Ndc5 28. Kf3 g6 29. Nh6+ Kg7 30. Ng4 h5 31. Nf2 f5 32. exf5 gxf5 33. d4 e4+
34. Ke2 Nd7 35. Bf4 c6 36. c4 Ndb6 37. Rb1 Ra7 38. Bc7 Na8 39. Bd6 N8b6 40. Nd1
Rea8 41. a3 Nc8 42. Bb4 b6 43. Ne3 Kg6 44. Rf1 c5 45. dxc5 bxc5 46. Bc3 Ne7 47.
Rd2 1-0